00272nam a2200109Ia 4500008004000000041000800040082001600048100002300064245002300087260004400110300000800154210210b1984 xxu||||| |||| 00| 0 eng d aeng a301.03 GABS aGABA (Om Prakash). aSamajvijnan kosha. aDelhibB R Publishing Corporationc1984 a363